[Event "Montreal 6th"]
[Site "Montreal"]
[Date "2005.08.06"]
[Round "4"]
[White "Bluvshtein, Mark"]
[Black "Mikhalevski, Victor"]
[Result "1/2-1/2"]
[WhiteElo "2525"]
[BlackElo "2572"]
[Annotator "Mikhalevski,V"]
[PlyCount "133"]
[EventDate "2005.08.03"]
[EventType "tourn"]
[EventRounds "11"]
[EventCountry "CAN"]
[EventCategory "12"]
[SourceTitle "CBM 109"]
[Source "ChessBase"]
[SourceDate "2005.11.14"]
[SourceVersion "1"]
[SourceVersionDate "2005.11.14"]
[SourceQuality "1"]

1. d4 Nf6 2. c4 g6 3. Nc3 d5 4. Nf3 Bg7 5. e3 O-O 6. b4 Be6 {Once while
preparing this line with one of my students we found it interesting and so I
also decided to give it a try.} 7. Qb3 ({White also tried} 7. c5 {but got
nothing after} Ne4 8. Bb2 Nd7 9. Qc2 Nxc3 10. Qxc3 c6 11. Be2 Bg4 12. Ne5 Nxe5
13. dxe5 Bxe2 14. Kxe2 Qd7 15. f3 f6 16. exf6 Bxf6 {1/2-1/2 Plaskett,
J-Tukmakov,V/Hastings 1982/MCD (66). (65)}) 7... c6 {[%cal Ga7a5] This looks
like a solid defensive move.} ({The immediate} 7... a5 {also makes sense. Here
are two examples:} 8. b5 (8. c5 Ne4 9. Bb2 b6 10. cxb6 axb4 11. Qxb4 c5 12. Qb5
Ra6 13. Nxe4 Rxb6 14. Qe2 dxe4 $17 {and Black is already clearly better. 0-1
Drasko,M-Sokolov,I/Sarajevo 1987/CBM 005 (27)}) 8... c5 9. bxc6 bxc6 10. c5 Ne4
11. Qb7 Na6 12. Nxe4 dxe4 13. Bxa6 exf3 14. gxf3 Bd5 15. Be2 e5 16. e4 exd4 17.
Bd3 Qf6 18. Ke2 Qe6 19. Bf4 f5 {0-1 Wawor,G-Behrmann,J/Baden-Baden 1987/TD (19)
.}) 8. cxd5 ({In the only preceding game White played} 8. a4 {but already a
few moves later Black was better.} Nbd7 9. a5 b6 10. Ng5 $6 dxc4 11. Bxc4 Bxc4
12. Qxc4 c5 $1 13. Nf3 cxd4 14. exd4 Rc8 $15 {0-1 Tworuszka,S-Jakubowski,M/
Krynica 2001/EXT 2003 (20). (20)}) 8... Nxd5 (8... cxd5 {was also possible,
but I didn't like my light-squared bishop. Moreover White would have a clear
plan: b5; a4 and Ba3 with some pressure.}) 9. Bc4 a5 $6 {This is the first
serious inaccuracy.} (9... b5 {was necessary. Somehow I was sure that White's
pressure on the queenside is serious, but in reality Black succeeds to
equalize.} 10. Bxd5 Bxd5 11. Nxd5 Qxd5 12. Qxd5 cxd5 13. a4 bxa4 (13... Nd7 14.
axb5 Rfb8 15. Ra5 Nb6 16. Nd2 Rc8 17. Kd1 (17. Ba3 Rc7 18. Ke2 Rac8 19. Ra1 e5
20. dxe5 Bxe5 21. Ra2 Rc2 22. Rxc2 Rxc2 23. Kd3 Rc3+ 24. Ke2 Rc2 25. Kd1 Rc7
26. Ra6 $14) 17... Rc7 18. Ra6 Rac8 19. Nb3 e5 20. dxe5 Bxe5 21. Nc5 Nc4 22.
Ke2 Rb8 23. Rd1 Rxb5 24. Rxd5 Rxb4 {and Black should be able to equalize.}) (
13... Nc6 14. Bd2 a5 $2 (14... Rab8 15. Ke2 $14) 15. axb5 Nxb4 16. Ke2 $16 {
[%cal Gh1b1]}) 14. Rxa4 Nd7 15. Bd2 Nb6 16. Ra6 Nc4 17. Ke2 Rfc8 {[%cal Gc8c7]
with good chances for a draw.}) 10. bxa5 $1 Nxc3 (10... Qxa5 11. Bd2 {[%csl
Ra5,Rb7] is bad for Black.}) 11. Bxe6 Ne4 {At this point I though that Black
was fine, but after} 12. O-O $1 {,which I missed, I understood that Black will
have to solve serious problems.} Rxa5 ({The main problem is that after} 12...
Nc5 $2 {White simply answers with} 13. dxc5 $1 {sacrificing an exchange.} Bxa1
{and now either} 14. Rd1 ({or even} 14. Bxf7+ $1 {which was offered after the
game by Mark.} Rxf7 15. Ng5 Qd5 (15... e6 16. Nxf7 Kxf7 17. Qxb7+ Nd7 18. Rd1
Ke7 19. e4 $1 Rb8 20. Qxc6 $1 {[%cal Gc1g5]} Ne5 21. Qa4 $1 $18 {[%cal Gc1g5]
and White wins.}) 16. Qxb7 Qxg5 17. Qxa8 Rf8 18. a6 Qxc5 19. a7 $16 {and White
is better again.}) 14... Qe8 15. Bc4 {which I considered to be rather
unpleasant}) 13. Bc4 b5 14. Be2 ({Certainly not} 14. Qc2 $6 Nxf2) 14... Qd5 $6
{After this natural move Black will have to sacrifice a pawn.} (14... Na6 $5)
15. Ba3 $1 {[%csl Rb5,Re7][%cal Ga3e7,Ga3b4] A very strong move with the
threats Bxe7 and Bb4.} Na6 $5 {An interesting practical chance. Black
sacrifices a pawn and hopes to get counterplay along the a-file.} ({I saw} 
15... Qxb3 16. axb3 c5 {but didn't like that all my pieces are hanging.} 17.
Bd3 f5 18. b4 $1 cxb4 19. Bxb4 Rxa1 20. Rxa1 Nc6 21. Rb1 (21. Be1 Nd6 22. Rb1
Rb8) 21... Rb8 22. Bxe4 fxe4 23. Ng5 ({Worse is} 23. Nd2 Rd8 $1 24. Nxe4 e5 $1)
23... e5 24. d5 Nxb4 25. Rxb4 Bf8 26. Rb3 $1 ({After} 26. Rb1 b4 27. Nxe4 b3 {
[%cal Gb3b2,Gf8a3,Gb8c8] The b-pawn may become dangerous.}) 26... b4 27. Nxe4
Rd8 28. Kf1 $1 h6 29. Ke2 $1 Kf7 (29... Rxd5 $4 30. Nf6+ {[%csl Rd5,Rg8]}) 30.
Rd3 $16 {with a big advantage for White.}) 16. Bxe7 Re8 17. Ba3 (17. Bh4 $5)
17... Ra8 18. Bd3 $1 (18. Qxd5 cxd5 19. Bb2 Nac5 {[%cal Gc5a4,Ga4c3] was my
chance for counterplay.}) 18... Nc7 {[%csl Ra2]} (18... f5 $5 {is the
computer's choice, but I don't believe that such a move can work.}) 19. Bxe4
Qxe4 20. Bb4 Ra4 21. a3 Nd5 {[%csl Ra1][%cal Gd5b4]} 22. Rac1 $16 {Eventually
White succeeded to stabilize the position and now enjoys an extra pawn.} R8a6 {
[%cal Gg7f8] My only chance is to exchange the darksquared bishops to remove a
defender of the a3-pawn.} 23. Bc5 Bf8 24. Nd2 Qe8 25. Nb1 {[%csl Ra3][%cal
Gb1a3] The knight substitutes the bishop and protects the a3-pawn.} Bxc5 26.
Rxc5 Nb6 {[%csl Ra3][%cal Gb6c4]} 27. Rfc1 Nc4 28. d5 {My first
achievement-White exchanges my weakness on c6.} cxd5 29. Rxb5 {[%csl Rd5,Re8,
Rg8][%cal Gb5b8]} Ra8 $6 $138 {An unfortunate move in the time-trouble.} ({
After} 29... Qe6 $5 {[%csl Ra3,Rd5] the a3 and d5-pawns would be exchanged
which promises some drawing chances.}) 30. Rxd5 Nxa3 31. Nd2 $1 {[%csl Ra3]
Unfortunately now White is not forced to trade the knights. Moreover now my
knight is stuck on a3.} Qe6 $1 32. Qd3 Kg7 (32... Qa6 $5 {would be a better
chance.} 33. Qxa6 R4xa6 34. Kf1 $16) 33. Rd7 $6 {White defenitely misses my
idea.} ({A simple} 33. h3 $5 $16 {would secure a big edge.}) 33... Nc4 $1 {
[%csl Rg1] Suddenly the knight finds his way out.} 34. Qc3+ Kh6 (34... Qf6 $5)
35. Rd4 Nxd2 36. Qxd2 Rxd4 (36... Ra1 {would be safer not creating a passed
pawn o the the d-file.}) 37. exd4+ Kg7 38. d5 Qd6 {The resulting endgame is
difficult for both sides. The chances to win it are equal to chances to make a
draw.} 39. g3 Rd8 40. Rd1 h5 41. h4 Rd7 42. Kg2 Rd8 {Black is waiting. I only
knew that it would be good to exchange the queens. So I answered} 43. Qd4+ {
with} Qf6 44. Qe4 (44. f4 Qxd4 45. Rxd4 f5 $1 {[%cal Gg7f6,Gf6e7,Ge7d6] and
the king comes to d6.} 46. Kf3 Kf6 47. Ke3 Ke7 48. Rd3 Kd6 49. Kd4 Re8 $11 {
with a draw.}) 44... Kg8 45. Qb4 {[%cal Gd5d6]} Rd6 {I have to block the
d-pawn and it seems logical to bring the rook in front of the pawn.} 46. Qc5
Qe5 47. Qd4 Qf5 ({Now} 47... Qxd4 $6 {is dangerous as Black is at least two
tempi down comparing to the previous line.} 48. Rxd4 f5 49. Kf3 Kf7 50. Kf4 Kf6
51. Rd2 {[%csl Rg6]}) 48. Rd2 Kh7 49. Kh2 Qg4 $2 {This is already a serious
mistake which could put Black on the edge of precipice.} ({Black had to
continue waiting with} 49... Qd7 $5 $16) 50. Qe5 $2 {Returning a favour.} ({
After the direct} 50. Qxg4 hxg4 51. Kg2 {[%cal Gf2f3] Black is in trouble. For
example} Kg7 52. f3 f5 (52... gxf3+ 53. Kxf3 f5 54. Ke3 {[%cal Ge3d4]} (54. Kf4
$5 Kf6 55. Rd4 $22)) 53. fxg4 fxg4 54. Kf2 Kf6 55. Ke3 Ke5 56. Rd3 Rf6 (56...
Rxd5 57. Rxd5+ Kxd5 58. Kf4 Ke6 59. Kxg4 Kf6 60. Kf4 Kf7 61. Kg5 $1 Kg7 62. g4
$18 {and White wins.}) 57. d6 Rf3+ 58. Ke2 Rxd3 59. Kxd3 Kxd6 60. Ke4 $18 {
and the pawn endgame is won for White.}) 50... Qd7 51. Rd4 Qd8 52. Qf4 Kg7 53.
Qe4 Qd7 54. Qf3 Kg8 55. Rd2 Kh7 56. Qe4 Re6 {A not really necessary beauty.
Black could continue waiting.} 57. Qf4 (57. dxe6 Qxd2 58. Kg2 (58. Qe3 Qxe3 59.
fxe3 fxe6 60. Kg2 Kg7 61. Kf3 Kf6 62. Ke4 g5 63. Kf3 gxh4 64. gxh4 e5 65. e4
$11) 58... fxe6 59. Qxe6 Qd3 $11 {and Black keeps a draw.}) 57... Rd6 58. Qe5
Qd8 59. f3 Qd7 60. Kg2 Re6 61. Qd4 Rd6 62. g4 {After this move Black obtains
counterplay. However it was already not easy, if possible at all, to break
through.} hxg4 63. fxg4 Ra6 $1 {[%csl Rg4][%cal Ga6a4]} 64. Rf2 $1 ({White had
tyo be careful as after} 64. Qe4 $2 Ra4 65. Rd4 Ra2+ 66. Kh3 Qc7 $1 $19 {
[%csl Rh3]} 67. d6 Qc3+ 68. Rd3 Qc2 69. g5 Qh2+ 70. Kg4 Rg2+ {and Black wins.})
(64. h5 $2 Ra4 65. hxg6+ fxg6 66. Qe5 Qxg4+ 67. Qg3 Qh5 $40) 64... Ra4 65.
Rxf7+ Qxf7 66. Qxa4 Qxd5+ {The resulting position is equal and so White played}
67. Kg3 {and offered a draw.} 1/2-1/2

[Event "BLR-ch"]
[Site "Minsk"]
[Date "1996.??.??"]
[Round "1"]
[White "Lutsko, Igor"]
[Black "Litvinov, V."]
[Result "1-0"]
[WhiteElo "2410"]
[BlackElo "2370"]
[Annotator "Mochalov,E"]
[PlyCount "63"]
[EventDate "1996.??.??"]
[EventType "tourn"]
[EventRounds "11"]
[EventCountry "BLR"]
[EventCategory "7"]
[SourceTitle "CBM 053 Extra"]
[Source "ChessBase"]
[SourceDate "1996.09.01"]
[SourceVersion "1"]
[SourceVersionDate "1996.09.01"]
[SourceQuality "1"]

1. d4 d5 2. c4 c6 3. Nf3 Nf6 4. e3 g6 5. Nc3 Bg7 6. Bd3 O-O 7. h3 $5 (7. O-O $5
) 7... c5 $5 (7... Bf5 8. Bxf5 gxf5 9. cxd5 Nxd5 10. Qb3 Nb6 11. a4 $22 a5 12.
e4 $5 fxe4 13. Nxe4 N8d7 14. Bg5 $14) 8. O-O cxd4 9. exd4 Nc6 10. a3 b6 11. Re1
dxc4 $6 (11... Bb7 $5) 12. Bxc4 Bb7 13. d5 $16 Na5 14. Ba2 Rc8 15. Bg5 a6 (
15... h6 $5) 16. Ne5 b5 17. Qd3 Ne8 $6 (17... h6 $5 18. d6 (18. Bxf6 exf6 (
18... Bxf6 $2 19. d6 Kg7 20. Bxf7 $1 $18) 19. Nxg6 fxg6 20. Qxg6 Nc4 21. Bb1 f5
22. Bxf5 Rxf5 23. Qxf5 $13) 18... hxg5 19. dxe7 Qxe7 20. Nxf7 Qxe1+ 21. Rxe1
Rxf7 22. Bxf7+ Kxf7 23. Re5 $5 $16 (23. Nxb5 $5 $16)) 18. Rad1 Nd6 19. Nc6 $1
$18 Rxc6 (19... Nxc6 20. dxc6 Bxc6 21. Bxe7 $18) 20. dxc6 (20. Bxe7 Rxc3 $1 21.
bxc3 Qd7 22. Bxf8 Bxf8 $13) 20... Nxc6 21. Bxe7 Nxe7 22. Qxd6 Nc6 (22... Qxd6
23. Rxd6 Nf5 24. Rd7 $18) 23. Bxf7+ $1 Rxf7 (23... Kxf7 24. Qe6#) 24. Qxd8+
Nxd8 25. Rxd8+ Bf8 26. Ne4 Bxe4 (26... Kg7 27. Ng5 Rf5 28. Ne6+ $18) 27. Rxe4
Kg7 28. Red4 Bc5 29. Rd2 Kh6 30. g3 Rf3 31. Kg2 Rb3 32. R8d3 1-0

[Event "Litomerice 1st"]
[Site "Litomerice"]
[Date "1986.09.04"]
[Round "11"]
[White "Moehring, Guenther"]
[Black "Pirttimaki, Timo"]
[Result "1/2-1/2"]
[WhiteElo "2310"]
[BlackElo "2315"]
[Annotator "Moehring,G"]
[PlyCount "80"]
[EventDate "1986.08.26"]
[EventType "tourn"]
[EventRounds "11"]
[EventCountry "CSR"]
[EventCategory "3"]
[SourceTitle "EXT 2010"]
[Source "ChessBase"]
[SourceDate "2010.11.25"]
[SourceVersion "1"]
[SourceVersionDate "2010.11.25"]
[SourceQuality "1"]

1. Nf3 Nf6 2. c4 c6 3. d4 d5 4. e3 g6 5. Nc3 Bg7 6. cxd5 Nxd5 7. Bc4 O-O 8. O-O
Nb6 9. Bb3 Na6 10. e4 Qd6 11. e5 Qd8 12. Ng5 h6 13. Nge4 Nc7 14. Nc5 Nbd5 15.
Be3 (15. Qf3 $142 $14) 15... Kh7 16. Qf3 b6 17. N5e4 f5 18. exf6 exf6 19. Nxd5
Nxd5 20. Rac1 f5 21. Nc3 Nxe3 22. fxe3 (22. Qxe3 $1 $10 Bxd4 (22... Qxd4 23.
Qf3) 23. Qf3) 22... Bb7 23. Ne2 Qd6 24. Nf4 Rae8 25. Kh1 Re7 26. h4 h5 27. d5
cxd5 28. Bxd5 Bxd5 29. Nxd5 Re4 30. Nf4 Rfe8 31. Rce1 Bxb2 32. Rd1 Qf6 33. Qf2
Be5 34. Rd7+ Re7 35. Rxe7+ Qxe7 36. Nxg6 $1 Qf6 37. Nxe5 Qxe5 38. Qxf5+ Qxf5
39. Rxf5 Rxh4+ 40. Kg1 Ra4 {2:29-1:55 R} 1/2-1/2